Annual abstract of statistics 1984

Uložené v:
Podrobná bibliografia
Médium: Kniha
Jazyk:English
Vydavateľské údaje: London Her Majesty's Stationery Office 1984
Tagy: Pridať tag
Žiadne tagy, Buďte prvý, kto otaguje tento záznam!

MARC

LEADER 00000nam a2200000 4500
001 c116123
005 20041019155203.7
041 0 |a eng 
044 |a GB 
245 1 0 |a Annual abstract of statistics 1984 
264 1 |a London  |b Her Majesty's Stationery Office  |c 1984 
300 |a 346 s.